Analýza prežitia a jej využitie v aktuárstve dizertačná práca
Uložené v:
| Hlavný autor: | |
|---|---|
| Korporativný autor: | |
| Ďalší autori: | |
| Médium: | Kniha |
| Jazyk: | Slovak |
| Vydavateľské údaje: |
Bratislava
2024
|
| Predmet: | |
| Tagy: |
Žiadne tagy, Buďte prvý, kto otaguje tento záznam!
|
MARC
| LEADER | 00000nbm a2200000 4500 | ||
|---|---|---|---|
| 001 | 0304101 | ||
| 005 | 20250107143849.9 | ||
| 041 | 0 | |a slo | |
| 044 | |a SK | ||
| 245 | 1 | 0 | |a Analýza prežitia a jej využitie v aktuárstve |b dizertačná práca |c Patrícia Teplanová ; školiteľ: Vladimír Mucha |
| 264 | 1 | |a Bratislava |c 2024 | |
| 300 | |a 168 s. | ||
| 610 | 2 | 0 | |a matematika poistná |
| 610 | 2 | 0 | |a analýzy |
| 610 | 2 | 0 | |a poisťovníctvo |
| 610 | 2 | 0 | |a jazyky programovacie |
| 610 | 2 | 0 | |a riziko poistné |
| 610 | 2 | 0 | |a poistenie životné |
| 100 | 1 | |a Teplanová, Patrícia, 1998- | |
| 700 | 1 | |a Mucha, Vladimír, 1976- | |
| 710 | 2 | |a Fakulta hospodárskej informatiky EU. Katedra matematiky a aktuárstva | |